[Event "Florianopolis op 7th"]
[Site "Florianopolis"]
[Date "2021.01.24"]
[Round "10"]
[White "De Souza Neto, Antonio Martins"]
[Black "Zallio, Luciano de Souza"]
[Result "0-1"]
[WhiteElo "1858"]
[BlackElo "2195"]
[PlyCount "102"]
[EventDate "2021.01.18"]
[EventType "swiss"]
[EventRounds "10"]
[EventCountry "BRA"]
[SourceTitle "CBM 200 Extra"]
[Source "ChessBase"]
[SourceDate "2021.03.31"]
[SourceVersion "1"]
[SourceVersionDate "2021.03.31"]
[SourceQuality "1"]

1. d4 Nf6 2. Bf4 e6 3. e3 d5 4. Nf3 Bd6 5. Bxd6 Qxd6 6. Nbd2 c5 7. c3 0-0 8. a4 b6 9. Be2 Ba6 10. 0-0 Bxe2 11. Qxe2 Nc6 12. Rfd1 cxd4 13. Nxd4 Rac8 14. Nxc6 Qxc6 15. Qb5 a5 16. Qxc6 Rxc6 17. Nf3 Rb8 18. Nd4 Rc5 19. Nb3 Rc7 20. Nd4 Kf8 21. Nb5 Rc5 22. f3 Ke7 23. Rd2 g5 24. Kf2 h5 25. h4 g4 26. Rad1 Rg8 27. Rd3 e5 28. f4 g3+ 29. Ke2 exf4 30. exf4 Rg4 31. Kf3 Rxh4 32. Kxg3 Rg4+ 33. Kf3 h4 34. Re3+ Kf8 35. Red3 Rc4 36. Rd4 Rg3+ 37. Kf2 Ng4+ 38. Ke2 Rxg2+ 39. Kf3 Rg3+ 40. Ke2 h3 41. Rxc4 dxc4 42. Nd4 h2 43. Nf5 Rd3 44. Rh1 f6 45. Nd4 Ke7 46. Nc2 Rh3 47. Kf1 Rf3+ 48. Kg2 Rf2+ 49. Kg3 Rxc2 50. Kxg4 Rxb2 51. Kg3 Rc2 0-1

[Event "Varginha Mineiro-ch"]
[Site "Varginha"]
[Date "2020.09.07"]
[Round "6"]
[White "De Souza Neto, Antonio Martins"]
[Black "Sampaio, Andre Luiz"]
[Result "1-0"]
[WhiteElo "1892"]
[BlackElo "1707"]
[PlyCount "59"]
[EventDate "2020.09.04"]
[EventType "swiss"]
[EventRounds "7"]
[EventCountry "BRA"]
[SourceTitle "EXT 2021"]
[Source "ChessBase"]
[SourceDate "2020.10.23"]
[SourceVersion "1"]
[SourceVersionDate "2020.10.23"]
[SourceQuality "1"]

1. d4 d5 2. Bf4 Nf6 3. e3 e6 4. Nf3 c5 5. c3 Qb6 6. Qb3 c4 7. Qxb6 axb6 8. Nbd2 b5 9. Be2 b4 10. 0-0 Nc6 11. e4 dxe4 12. Ne5 Nxe5 13. Bxe5 b5 14. Bxf6 gxf6 15. Nxe4 f5 16. Nc5 Bxc5 17. dxc5 bxc3 18. bxc3 Ra3 19. Bf3 Rxc3 20. Rfb1 Ba6 21. a4 b4 22. Rxb4 Ke7 23. Rb6 Bc8 24. a5 e5 25. a6 e4 26. a7 Be6 27. Rb8 Bd5 28. Rxh8 exf3 29. a8Q Bxa8 30. Rhxa8 1-0

[Event "Varginha Mineiro-ch"]
[Site "Varginha"]
[Date "2020.09.06"]
[Round "5"]
[White "Dos Santos, Ronie Paiva"]
[Black "De Souza Neto, Antonio Martins"]
[Result "1/2-1/2"]
[WhiteElo "1760"]
[BlackElo "1892"]
[PlyCount "107"]
[EventDate "2020.09.04"]
[EventType "swiss"]
[EventRounds "7"]
[EventCountry "BRA"]
[SourceTitle "EXT 2021"]
[Source "ChessBase"]
[SourceDate "2020.10.23"]
[SourceVersion "1"]
[SourceVersionDate "2020.10.23"]
[SourceQuality "1"]

1. d4 Nf6 2. Nf3 d6 3. c4 c5 4. Nc3 cxd4 5. Nxd4 Nc6 6. e4 g6 7. Be2 Bg7 8. Be3 h5 9. h3 Bd7 10. Qd2 a6 11. Rb1 0-0 12. 0-0 Qc7 13. f4 e5 14. Nf3 Rfe8 15. fxe5 dxe5 16. Rbd1 Rad8 17. Qc1 Be6 18. Kh1 Nd4 19. Nxd4 exd4 20. Bxd4 Rxd4 21. Rxd4 Ng4 22. Bxg4 hxg4 23. Rd3 Bxc4 24. Nd5 Qc6 25. Nf6+ Bxf6 26. Rxf6 Qxf6 27. Qxc4 Qf1+ 28. Kh2 gxh3 29. Kxh3 Qh1+ 30. Kg3 Qe1+ 31. Kh2 Rxe4 32. Qc8+ Kg7 33. Qc3+ Qxc3 34. Rxc3 Re2 35. Rb3 b5 36. a4 Re5 37. a5 b4 38. Rxb4 Rxa5 39. Rb6 Ra2 40. b4 f5 41. b5 axb5 42. Rxb5 Kh6 43. Rb3 f4 44. Kh3 Rd2 45. Kg4 Rxg2+ 46. Kxf4 g5+ 47. Kf3 Rg1 48. Kf2 Rg4 49. Kf3 Rg1 50. Kf2 Rc1 51. Kg3 Kh5 52. Ra3 Rc4 53. Rb3 Rg4+ 54. Kh3 1/2-1/2

[Event "BRA-ch Amateur U2000"]
[Site "Sao Paulo"]
[Date "2019.06.23"]
[Round "7"]
[White "Leon Lopes, Sergio Amadeus"]
[Black "De Souza Neto, Antonio Martins"]
[Result "1/2-1/2"]
[WhiteElo "1873"]
[BlackElo "1895"]
[PlyCount "48"]
[EventDate "2019.06.20"]
[EventType "swiss"]
[EventRounds "7"]
[EventCountry "BRA"]
[SourceTitle "EXT 2020"]
[Source "ChessBase"]
[SourceDate "2019.10.17"]
[SourceVersion "1"]
[SourceVersionDate "2019.10.17"]
[SourceQuality "1"]

1. c4 e5 2. Nc3 Nf6 3. Nf3 Nc6 4. d4 exd4 5. Nxd4 Bc5 6. e3 0-0 7. Be2 d6 8. 0-0 Bd7 9. b3 Nxd4 10. exd4 Bb4 11. Bb2 d5 12. Bf3 c6 13. a3 Ba5 14. b4 Bc7 15. cxd5 cxd5 16. Nxd5 Nxd5 17. Bxd5 Bb5 18. Bxb7 Rb8 19. Bf3 Bxf1 20. Qxf1 a5 21. b5 Qh4 22. g3 Qf6 23. Bc6 Bb6 24. Rd1 Rfd8 1/2-1/2

[Event "Pocos de Caldas op"]
[Site "Pocos de Caldas"]
[Date "2015.03.14"]
[Round "4"]
[White "De Souza Neto, Antonio Martins"]
[Black "Da Silva, Cleber Alex"]
[Result "1/2-1/2"]
[WhiteElo "1833"]
[BlackElo "2049"]
[PlyCount "70"]
[EventDate "2015.03.13"]
[EventType "swiss"]
[EventRounds "6"]
[EventCountry "BRA"]
[SourceTitle "CBM 165 Extra"]
[Source "ChessBase"]
[SourceDate "2015.04.21"]
[SourceVersion "1"]
[SourceVersionDate "2015.04.21"]
[SourceQuality "1"]

1. d4 d5 2. Nf3 Nc6 3. Bf4 Bf5 4. c3 e6 5. e3 Bd6 6. Bxd6 Qxd6 7. Bb5 Nge7 8. Ne5 f6 9. Nxc6 Nxc6 10. Nd2 0-0 11. Bxc6 Qxc6 12. 0-0 e5 13. Qb3 exd4 14. cxd4 Rab8 15. Rac1 Qd6 16. Rc5 c6 17. Qa4 a6 18. Rfc1 Rfe8 19. b4 Re7 20. Qb3 Rbe8 21. a4 Kf8 22. b5 axb5 23. axb5 Bd7 24. bxc6 bxc6 25. Qd3 g5 26. Ra1 f5 27. Nf3 g4 28. Ne1 f4 29. Qc2 fxe3 30. fxe3 Rxe3 31. Nd3 Re2 32. Rf1+ Kg7 33. Qc1 Qe7 34. Nf4 Qe3+ 35. Qxe3 R2xe3 1/2-1/2

[Event "Sao Sebastiao op"]
[Site "Sao Sebastiao do Paraiso"]
[Date "2013.10.06"]
[Round "5"]
[White "De Sousa, Gilmar Ferreira"]
[Black "De Souza Neto, Antonio Martins"]
[Result "1/2-1/2"]
[WhiteElo "1835"]
[BlackElo "1800"]
[PlyCount "20"]
[EventDate "2013.10.04"]
[EventType "swiss"]
[EventRounds "6"]
[EventCountry "BRA"]
[SourceTitle "EXT 2014"]
[Source "ChessBase"]
[SourceDate "2013.11.20"]
[SourceVersion "1"]
[SourceVersionDate "2013.11.20"]
[SourceQuality "1"]

1. e4 c5 2. Nf3 d6 3. d4 cxd4 4. Nxd4 Nf6 5. Nc3 a6 6. Be2 e5 7. Nf3 Be6 8. Bg5 Be7 9. Bxf6 Bxf6 10. 0-0 0-0 1/2-1/2

[Event "Sao Sebastiao op"]
[Site "Sao Sebastiao do Paraiso"]
[Date "2013.10.05"]
[Round "3"]
[White "Ramos, Erick Alexandre"]
[Black "De Souza Neto, Antonio Martins"]
[Result "1/2-1/2"]
[WhiteElo "1771"]
[BlackElo "1800"]
[PlyCount "29"]
[EventDate "2013.10.04"]
[EventType "swiss"]
[EventRounds "6"]
[EventCountry "BRA"]
[SourceTitle "EXT 2014"]
[Source "ChessBase"]
[SourceDate "2013.11.20"]
[SourceVersion "1"]
[SourceVersionDate "2013.11.20"]
[SourceQuality "1"]

1. e4 e6 2. d4 d5 3. exd5 exd5 4. Bd3 Nf6 5. Bf4 Bd6 6. Bg5 0-0 7. Ne2 Re8 8. Nbc3 c6 9. Qd2 h6 10. Bh4 Bg4 11. f3 Bh5 12. g4 Bg6 13. Bxg6 fxg6 14. 0-0-0 g5 15. Bg3 1/2-1/2

[Event "Sao Sebastiao op"]
[Site "Sao Sebastiao do Paraiso"]
[Date "2013.10.04"]
[Round "1"]
[White "Calixto, Roberto Carlos"]
[Black "De Souza Neto, Antonio Martins"]
[Result "1-0"]
[WhiteElo "1820"]
[BlackElo "1800"]
[PlyCount "87"]
[EventDate "2013.10.04"]
[EventType "swiss"]
[EventRounds "6"]
[EventCountry "BRA"]
[SourceTitle "EXT 2014"]
[Source "ChessBase"]
[SourceDate "2013.11.20"]
[SourceVersion "1"]
[SourceVersionDate "2013.11.20"]
[SourceQuality "1"]

1. e4 c5 2. Nf3 d6 3. d4 cxd4 4. Nxd4 Nf6 5. Nc3 g6 6. Be2 Bg7 7. Be3 Nc6 8. 0-0 0-0 9. Kh1 Bd7 10. f4 Rc8 11. Bf3 Na5 12. Bc1 a6 13. e5 Ne8 14. Re1 e6 15. Qd3 Qb6 16. b3 dxe5 17. fxe5 Nc6 18. Nxc6 Bxc6 19. Ba3 Rd8 20. Qe2 Qa5 21. Bxf8 Kxf8 22. Bxc6 Qxc3 23. Bxb7 Rd2 24. Qe3 Qxc2 25. Rec1 Re2 26. Qb6 Qd2 27. Qc5+ Kg8 28. Qe7 Bxe5 29. Qxe8+ Kg7 30. Rf1 Bxa1 31. Rxf7+ Kh6 32. Qf8+ Kg5 33. h4+ Kxh4 34. Rxh7+ Kg5 35. Qh6+ Kf5 36. Rf7+ Bf6 37. Qh3+ Kg5 38. Qg3+ Kf5 39. Qf3+ Ke5 40. Qxf6+ Kd6 41. Qd8+ Ke5 42. Qc7+ Qd6 43. Qc3+ Qd4 44. Qg3+ 1-0